| 000 | 00934nam a22002055i 4500 | ||
|---|---|---|---|
| 001 | 167119 | ||
| 003 | ES-MaACL | ||
| 005 | 20250823063123.0 | ||
| 008 | 990309s1899 sp |||| | spa d | ||
| 100 | 1 |
_aVega-Rey, Luis, _d1853-1899 _9133584 |
|
| 245 | 1 | 3 |
_aLa higiene en las iglesias _b: memoria premiada con el primer premio por la Sociedad Española de Higiene en el concurso público celebrado en 1898 / _cescrita por D. Luis Vega-Rey. |
| 260 |
_aMadrid : _bMadrid Médico, _c1899. |
||
| 300 |
_a22, [2] p. ; _c17 cm. |
||
| 530 | _aDisponible en formato digital. | ||
| 597 | _aAntep. | ||
| 650 | 4 |
_aIglesias- _xSalubridad. _9157258 |
|
| 852 |
_aES-MaACL _jT-882-F-2 _z- Enc. hol., conservando cub. original _z. - Dedic. ms. del autor a la Biblioteca del Ateneo _z- Enc. en un vol. facticio |
||
| 856 |
_uhttp://bdh-rd.bne.es/viewer.vm?id=0000085106&page=1 _zBiblioteca Digital Hispánica |
||
| 999 |
_c167119 _d167119 |
||